名前に「尾」がつく駅 - Statistics

General Stats
  • This quiz has been taken 88 times
    21 since last reset
  • The average score is 35 of 85
Answer Stats
Hint Answer % Correct
中央本線京王高尾線 高尾
100%
樽見鉄道 高尾
100%
京王高尾線 高尾山口
95%
名鉄西尾線 西尾
90%
高崎線 上尾
85%
総武本線 松尾
85%
七尾線のと鉄道七尾線 七尾
85%
近鉄志摩線 松尾
85%
島原鉄道 松尾
85%
山陽新幹線 新尾道
80%
高崎線 北上尾
80%
片町線 長尾
80%
山陽本線 尾道
80%
琴電長尾線 長尾
80%
上野東京ライン 尾久
75%
関西本線 八尾
75%
東海道本線 尾張一宮
70%
名鉄瀬戸線 尾張旭
70%
山陽本線 東尾道
60%
東急大井町線 尾山台
60%
東京メトロ日比谷線 広尾
60%
名鉄瀬戸線 尾張瀬戸
60%
近鉄大阪線 近鉄八尾
60%
会津鉄道野岩鉄道 会津高原尾瀬口
60%
青梅線 二俣尾
55%
高山本線 越中八尾
55%
鹿児島本線筑豊本線 折尾
55%
東海道本線 尾頭橋
50%
福知山線 武田尾
50%
名鉄西尾線 西尾口
50%
阪急嵐山線 松尾大社
50%
紀勢本線 尾鷲
45%
伯備線 江尾
45%
名鉄常滑線 尾張横須賀
45%
阪神本線 鳴尾・武庫川女子大前
45%
大阪メトロ谷町線 八尾南
45%
東急田園都市線 市が尾
40%
岳南電車 岳南江尾
40%
東海交通事業城北線 尾張星の宮
40%
花輪線 松尾八幡平
35%
東海道本線 荒尾
35%
鹿児島本線 荒尾
35%
東武野田線 増尾
35%
阪神武庫川線 東鳴尾
35%
都電荒川線 東尾久三丁目
35%
根室本線 尾幌
30%
吾妻線 羽根尾
30%
高山本線 東八尾
30%
武豊線 尾張森岡
30%
宇野線 妹尾
30%
近鉄吉野線 市尾
30%
南海本線 尾崎
30%
弘南鉄道弘南線 尾上高校前
30%
根室本線 上尾幌
25%
越後線 寺尾
25%
小浜線 松尾寺
25%
鹿児島本線 南荒尾
25%
弘南鉄道弘南線 津軽尾上
25%
ハピラインふくい 湯尾
25%
大井川鐵道井川線 尾盛
25%
山陽電鉄本線 尾上の松
25%
函館本線 尾白内
20%
大糸線 稲尾
20%
因美線 美作滝尾
20%
福塩線 横尾
20%
豊肥本線 滝尾
20%
近鉄田原本線 箸尾
20%
西鉄天神大牟田線 西鉄平尾
15%
長良川鉄道 木尾
15%
大井川鐵道大井川本線 神尾
15%
近江鉄道本線 水口松尾
15%
神鉄三田線 田尾寺
15%
氷見線 島尾
10%
宇部線 丸尾
10%
後藤寺線 船尾
10%
肥薩線 吉尾
10%
わたらせ渓谷鉄道 足尾
10%
天竜浜名湖鉄道 尾奈
10%
阪堺線 船尾
10%
佐世保線 永尾
5%
長崎本線 道ノ尾
5%
土佐くろしお鉄道ごめん・なはり線 伊尾木
5%
肥薩おれんじ鉄道 高尾野
5%
磐越西線 尾登
0%
豊肥本線 菅尾
0%
No matching quizzes found
Score Distribution
Percent of People with Each Score
Percentile by Number Answered
Your Score History
You have not taken this quiz since the last reset